Statistics for Solar System Objects

Click here to take the quiz!

General Stats

  • This quiz has been taken 17 times
  • The average score is 89 of 254

Answer Stats

ClassificationAnswer% Correct
StarSun
100%
PlanetMercury
83%
PlanetVenus
83%
PlanetEarth
67%
PlanetJupiter
67%
PlanetMars
67%
MoonMoon
67%
Dwarf PlanetCeres
50%
MoonDeimos
50%
MoonMetis
50%
PlanetNeptune
50%
MoonPhobos
50%
PlanetSaturn
50%
PlanetUranus
50%
Minor-Planet MoonActaea
33%
MoonAdrastea
33%
MoonAegaeon
33%
MoonAegir
33%
Minor-Planet MoonAegis
33%
MoonAitne
33%
AsteroidAlauda
33%
MoonAlbiorix
33%
Minor-Planet MoonAlexhelios
33%
MoonAlvaldi
33%
MoonAmalthea
33%
MoonAnanke
33%
MoonAngrboda
33%
MoonAnthe
33%
MoonAoede
33%
MoonArche
33%
MoonAriel
33%
MoonAtlas
33%
MoonAutonoe
33%
MoonBebhionn
33%
MoonBeli
33%
MoonBelinda
33%
MoonBergelmir
33%
MoonBestla
33%
MoonBianca
33%
CubinoBorasisi
33%
MoonCaliban
33%
MoonCallirrhoe
33%
MoonCallisto
33%
MoonCalypso
33%
MoonCarme
33%
MoonCarpo
33%
SDOCeto
33%
MoonChaldene
33%
Minor-Planet MoonCharon
33%
Minor-Planet MoonCleoselene
33%
MoonCordelia
33%
MoonCressida
33%
MoonCupid
33%
MoonCyllene
33%
Minor-Planet MoonDactyl
33%
AsteroidDaphne
33%
MoonDaphnis
33%
MoonDesdemona
33%
MoonDespina
33%
MoonDia
33%
Minor-Planet MoonDimorphos
33%
MoonDione
33%
AsteroidDydimos
33%
Minor-Planet MoonDysnomia
33%
Minor-Planet MoonEchidna
33%
MoonEggther
33%
MoonEirene
33%
MoonElara
33%
MoonEnceladus
33%
MoonEpimetheus
33%
MoonErinome
33%
Dwarf PlanetEris
33%
MoonErriapus
33%
MoonErsa
33%
MoonEuanthe
33%
AsteroidEugenia
33%
MoonEukelade
33%
MoonEupheme
33%
MoonEuporie
33%
MoonEuropa
33%
TrojanEurybates
33%
MoonEurydome
33%
MoonFarbauti
33%
MoonFenrir
33%
MoonFerdinand
33%
MoonFornjot
33%
MoonFrancisco
33%
MoonGalatea
33%
MoonGanymede
33%
MoonGeirrod
33%
MoonGerd
33%
SDOGǃkúnǁʼhòmdímà
33%
Minor-Planet MoonGǃòʼé ǃHú
33%
Dwarf PlanetGonggong
33%
Minor-Planet MoonGorgoneion
33%
MoonGreip
33%
MoonGridr
33%
MoonGunnlod
33%
MoonHalimede
33%
MoonHarpalyke
33%
MoonHati
33%
Dwarf PlanetHaumea
33%
Minor-Planet MoonǃHãunu
33%
MoonHegemone
33%
TrojanHektor
33%
MoonHelene
33%
MoonHelike
33%
MoonHermippe
33%
MoonHerse
33%
Minor-Planet MoonHi'iaka
33%
Minor-Planet MoonHiisi
33%
MoonHimalia
33%
MoonHippocamp
33%
Minor-Planet MoonHydra
33%
MoonHyperion
33%
MoonHyrrokkin
33%
MoonIapetus
33%
AsteroidIda
33%
MoonIjiraq
33%
Minor-Planet MoonIlmarë
33%
MoonIo
33%
MoonIocaste
33%
MoonIsonoe
33%
Dwarf PlanetIxion
33%
MoonJanus
33%
MoonJarnsaxa
33%
MoonJuliet
33%
CubinoǂKá̦gára
33%
MoonKale
33%
MoonKallichore
33%
AsteroidKalliope
33%
MoonKalyke
33%
MoonKari
33%
Minor-Planet MoonKerberos
33%
MoonKiviuq
33%
AsteroidKleopatra
33%
MoonKore
33%
MoonLaomedeia
33%
MoonLarissa
33%
MoonLeda
33%
PlutinoLempo
33%
Minor-Planet MoonLinus
33%
MoonLoge
33%
CubinoLogos
33%
MoonLysithea
33%
MoonMab
33%
Dwarf PlanetMakemake
33%
4:7Manwë
33%
MoonMargaret
33%
MoonMegaclite
33%
MoonMethone
33%
MoonMimas
33%
AsteroidMinerva
33%
MoonMiranda
33%
MoonMneme
33%
Minor-Planet MoonMonoetius
33%
PlutinoMors
33%
AsteroidMoshup
33%
MoonMundilfari
33%
MoonNaiad
33%
Minor-Planet MoonNamaka
33%
MoonNarvi
33%
MoonNereid
33%
MoonNeso
33%
Minor-Planet MoonNix
33%
Minor-Planet MoonNunam
33%
MoonOberon
33%
Minor-Planet MoonOlympias
33%
MoonOphelia
33%
Dwarf PlanetOrcus
33%
MoonOrthosie
33%
MoonPaaliaq
33%
Minor-Planet MoonPabu
33%
Minor-Planet MoonPaha
33%
MoonPallene
33%
MoonPan
33%
MoonPandia
33%
MoonPandora
33%
MoonPasiphae
33%
MoonPasithee
33%
TrojanPatroclus
33%
Minor-Planet MoonPeneius
33%
MoonPerdita
33%
Minor-Planet MoonPetit-Prince
33%
MoonPhilophrosyne
33%
MoonPhoebe
33%
Minor-Planet MoonPhorcys
33%
Minor-Planet MoonPichi üñëm
33%
Dwarf PlanetPluto
33%
MoonPolydeuces
33%
TrojanPolymele
33%
MoonPortia
33%
MoonPraxidike
33%
MoonPrometheus
33%
MoonProspero
33%
MoonProteus
33%
MoonPsamathe
33%
MoonPuck
33%
Dwarf PlanetQuaoar
33%
Minor-Planet MoonQueta
33%
Minor-Planet MoonRemus
33%
MoonRhea
33%
Minor-Planet MoonRomulus
33%
MoonRosalind
33%
AsteroidRoxanne
33%
Dwarf PlanetSalacia
33%
MoonSao
33%
Minor-Planet MoonSawiskera
33%
Dwarf PlanetSedna
33%
MoonSetebos
33%
Minor-Planet MoonShaun
33%
MoonSiarnaq
33%
CubinoSila
33%
MoonSinope
33%
Minor-Planet MoonSkamandrios
33%
MoonSkathi
33%
MoonSkoll
33%
MoonSkrymir
33%
Minor-Planet MoonSomnus
33%
MoonSponde
33%
Minor-Planet MoonSquannit
33%
MoonStephano
33%
Minor-Planet MoonStyx
33%
MoonSurtur
33%
MoonSuttungr
33%
MoonSycorax
33%
AsteroidSylvia
33%
MoonTarqeq
33%
MoonTarvos
33%
MoonTaygete
33%
CubinoTeharonhiawako
33%
MoonTelesto
33%
MoonTethys
33%
MoonThalassa
33%
MoonThebe
33%
MoonThelxinoe
33%
MoonThemisto
33%
MoonThiazzi
33%
Minor-Planet MoonThorondor
33%
MoonThrymr
33%
MoonThyone
33%
MoonTitan
33%
MoonTitania
33%
MoonTrinculo
33%
MoonTriton
33%
SDOTyphon
33%
MoonUmbriel
33%
MoonValetudo
33%
Minor-Planet MoonVanth
33%
Dwarf PlanetVarda
33%
Minor-Planet MoonWeywot
33%
Minor-Planet MoonXiangliu
33%
MoonYmir
33%
Minor-Planet MoonZoe
33%

Score Distribution

Percentile by Number Answered

Percent of People with Each Score

Your Score History

You have not taken this quiz